W Jakim Roku Umarła ta Historyczna Postać? - Statystyki

Ogólne statystyki
  • Ten quiz został rozwiązany 12 razy
  • Średni wynik to 6 z 11
Statystyki odpowiedzi
Zagadnienie Odpowiedź % Poprawnych
W jakim roku zmarł Henryk VIII Tudor? w 1547
100%
W jakim roku zmarł Albert Einstein? w 1955
100%
W jakim roku zmarł John F. Kennedy w 1963
100%
W jakim roku zmarł James Cook? w 1779
50%
W jakim roku zmarł Napoleon Bomaparte? w 1821
50%
W jakim roku zmarł Abraham Lincoln? w 1865
50%
W jakim roku zmarł John Lennon? w 1980
50%
W jakim roku zmarł Neil Armstrong? w 2012
50%
W jakim roku zmarł Walt Disney? w 1966
0%
W jakim roku zmarł Robert Oppenheimer? w1967
0%
W jakim roku zmarła Margaret Thatcher? w 2013
0%
Nie znaleziono quizów pasujących do podanych kryteriów
Rozkład punktacji
Procent ludzi z każdym wynikiem
Percentyl według liczby udzielonych odpowiedzi
Twoja historia wyników
Nie rozwiązałeś tego quizu